ბათუმის შოთა რუსთაველის სახელმწიფო უნივერსიტეტის ბიბლიოთეკა

რაგადობები უხვალდღეობის დღესასწაულიდან : (ბიბ.ჩანაწერი № 45445)

000 -ლიდერი
ფიქსირებული სიგრძის საკონტროლო ველი 01157nam a2200241Ia 4500
001 - საკონტროლო ნომერი
საკონტროლო ველი 12269
003 - საკონტროლო ნომრის იდენტიფიკატორი
საკონტროლო ველი GE_BSU
005 - ბოლო ოპერაციის თარიღი და დრო
საკონტროლო ველი 20230331135653.0
008 - ფიქსირებული სიგრძის მონაცემთა ელემენტები - ზოგადი ინფორმაცია
ფიქსირებული სიგრძის საკონტროლო ველი 181216s2013||||ge |||||||||||||| ||geo||
020 ## - წიგნის საერთაშორისო სტანდარტული ნომერი
International Standard Book Number 9789941062254
040 ## - კატალოგიზაციის წყარო
Transcribing agency GE_BSU
041 ## - ენის კოდი
Language code of text/sound track or separate title geo
080 ## - უნივერსალური ათობითი კლასიფიკაციის ინდექსი
Universal Decimal Classification number 821.353.1-4+94(479.22:479.224) ს-37
100 ## - მთავარი ჩანაწერი - პიროვნების სახელი
Personal name საჯაია, სერგი(გიორგი).
9 (RLIN) 6123
245 ## - ცნობა სათაურის შესახებ
Title რაგადობები უხვალდღეობის დღესასწაულიდან :
Remainder of title იამბე /
Statement of responsibility, etc სერგი (გიორგი) საჯაია ; რედ. ქეთევან ხორგუაშვილი.
264 ## - წარმოების, გამოცემის, დისტრიბუციის და სხვა ცნობები
გამოცემის, წარმოების, დისტრიბუციის... ადგილი თბილისი,
გამოცემის, წარმოების, დისტრიბუციის... თარიღი 2013.
300 ## - ფიზიკური აღწერა
Extent 110 გვ. ;
Other physical details 20სმ.
504 ## - BIBLIOGRAPHY, ETC. NOTE
Bibliography, etc დანართი: გვ. 97-108.
653 ## - INDEX TERM--UNCONTROLLED
Uncontrolled term საქართველო-აფხაზეთის ურთიერთობების ისტორია
653 ## - INDEX TERM--UNCONTROLLED
Uncontrolled term ქართულ-აფხაზური კონფლიქტი
700 ## - ADDED ENTRY--PERSONAL NAME
Personal name ხორგუაშვილი, ქეთევან
Relator term რედაქტორი
9 (RLIN) 17405
942 ## - ADDED ENTRY ELEMENTS (KOHA)
Koha item type წიგნი
Source of classification or shelving scheme
ეგზემპლარები
ჩამოწერის სტატუსი დაკარგული ეგზემპლარის სტატუსი კლასიფიკაციის წყარო ან თაროზე გაწყობის სქემა დაზიანების სტატუსი არ გაიცემა მუდმივი მდებარეობა (დაცვის ადგილი) ამჟამინდელი ადგილსამყოფელი თაროზე განთავსების ადგილი შეძენის თარიღი სრული შენახვის შიფრი შტრიხკოდი ბოლო ოპერაციის თარიღი ეგზემპლარის მიმდევრობითი ნომერი (კეტერი?) ფასის ძალაში შესვლის თარიღი ეგზემპლარის სახეობა
          ბათუმის შოთა რუსთაველის სახელმწიფო უნივერსიტეტის მთავარი ბიბლიოთეკა ბათუმის შოთა რუსთაველის სახელმწიფო უნივერსიტეტის მთავარი ბიბლიოთეკა წიგნსაცავი 2018-12-17 821.353.1-4+94(479.22:479.224) ს-37 27077 2018-12-17 27077 2018-12-17 წიგნი